[Event "Syre Memorial op 31st"]
[Site "Issy les Moulineaux"]
[Date "2008.05.03"]
[Round "4"]
[White "Mokri, Siegfried"]
[Black "La Monaca, Laurent"]
[Result "1-0"]
[WhiteElo "2050"]
[BlackElo "1892"]
[PlyCount "31"]
[EventDate "2008.05.01"]
[EventType "swiss"]
[EventRounds "6"]
[EventCountry "FRA"]
[SourceTitle "EXT 2010"]
[Source "ChessBase"]
[SourceDate "2010.11.25"]
[SourceVersion "1"]
[SourceVersionDate "2010.11.25"]
[SourceQuality "1"]

1. e4 e6 2. d4 d5 3. Nc3 Bb4 4. Bd3 Nf6 5. e5 Nfd7 6. Qg4 0-0 7. Bh6 g6 8. Bxf8 Qxf8 9. h4 c5 10. h5 Qh6 11. hxg6 Qxh1 12. gxh7+ Kf8 13. Qg8+ Ke7 14. h8Q Bxc3+ 15. bxc3 Qxg1+ 16. Kd2 1-0

[Event "Champigny sur Marne op 6th"]
[Site "Champigny sur Marne"]
[Date "2006.02.18"]
[Round "3"]
[White "La Monaca, Laurent"]
[Black "Vantet, Pascale"]
[Result "0-1"]
[WhiteElo "1680"]
[BlackElo "1871"]
[PlyCount "138"]
[EventDate "2006.02.16"]
[EventType "swiss"]
[EventRounds "6"]
[EventCountry "FRA"]
[SourceTitle "EXT 2007"]
[Source "ChessBase"]
[SourceDate "2006.11.23"]
[SourceVersion "1"]
[SourceVersionDate "2006.11.23"]
[SourceQuality "1"]

1. e4 d5 2. exd5 Qxd5 3. Nc3 Qa5 4. d4 c6 5. Nf3 Bf5 6. Bd3 Bxd3 7. Qxd3 Nf6 8. 0-0 e6 9. Bd2 Nbd7 10. Ne4 Qh5 11. Ng3 Qb5 12. Qxb5 cxb5 13. Rfe1 Bd6 14. Nf5 Bf8 15. Ne3 0-0-0 16. Ng5 Rg8 17. Nxf7 Re8 18. Ne5 Nb6 19. c4 bxc4 20. N3xc4 Nbd5 21. Rac1 Kb8 22. Ne3 Bb4 23. Bxb4 Nxb4 24. a3 Nbd5 25. Nxd5 exd5 26. f3 h5 27. Rc2 Rc8 28. Rec1 Rxc2 29. Rxc2 g5 30. h3 a6 31. g4 hxg4 32. hxg4 Ne8 33. Nd7+ Ka7 34. Rc5 Rg7 35. Ne5 Nc7 36. a4 b6 37. Rc6 Kb7 38. Kf2 Re7 39. Rd6 Ne6 40. Rxd5 Nf4 41. b3 Nxd5 42. Ke2 Rc7 43. Nc4 Nf4+ 44. Ke3 Re7+ 45. Ne5 Kc7 46. Ke4 Kd6 47. Kf5 Kd5 48. Kxg5 Ne2 49. f4 Nxd4 50. Nc4 b5 51. axb5 axb5 52. Nd2 Re2 53. Nb1 Rc2 54. f5 Nxb3 55. Na3 Rc5 56. Kg6 Nd4 57. f6 Rc8 58. f7 Ke6 59. Kg7 Ke7 60. g5 Ne6+ 61. Kg6 b4 62. Nb1 Rf8 63. Kh6 Rxf7 64. g6 Rf6 65. Kh7 Nf8+ 66. Kh8 Nxg6+ 67. Kh7 Nf8+ 68. Kh8 Rh6+ 69. Kg7 Rh7+ 0-1

[Event "Champigny sur Marne op 6th"]
[Site "Champigny sur Marne"]
[Date "2006.02.18"]
[Round "4"]
[White "Pauvert, Gabrielle"]
[Black "La Monaca, Laurent"]
[Result "0-1"]
[WhiteElo "1009"]
[BlackElo "1680"]
[PlyCount "42"]
[EventDate "2006.02.16"]
[EventType "swiss"]
[EventRounds "6"]
[EventCountry "FRA"]
[SourceTitle "EXT 2007"]
[Source "ChessBase"]
[SourceDate "2006.11.23"]
[SourceVersion "1"]
[SourceVersionDate "2006.11.23"]
[SourceQuality "1"]

1. e4 e6 2. d4 d5 3. e5 c5 4. Nf3 Nc6 5. c3 Qb6 6. b3 cxd4 7. cxd4 Nge7 8. Bf4 Nf5 9. Bd3 Nfxd4 10. Nxd4 Qxd4 11. Na3 Qxf4 12. 0-0 Bxa3 13. Qc2 h6 14. Bb5 Bd7 15. Rad1 0-0 16. Rd3 Nxe5 17. Bxd7 Nxd7 18. Rc3 Qe5 19. Rd1 Bd6 20. Kf1 Qxh2 21. Qe2 Qh1# 0-1